000 00429pab a2200157 454500
008 180718b1993 xxu||||| |||| 00| 0 eng d
100 _aArora, Dolly
245 _aConceptualising the context and contextualising the concept: Corruption reconsidered
260 _c1993
300 _ap.1-19.
362 _aJan-Mar
650 _aCorruption
773 _aIndian Journal of Public Administration
908 _aN
909 _a89099
999 _c89099
_d89099